000
00282nam a2200121Ia 4500
005
20251222141848.0
008
251222s9999||||xx |||||||||||||| ||spa||
082
_a
291.092/J54
100
_a
Jiménez Duque, Baldomero
245
0
_a
Cartas a Juan José
264
_b
s.e.
942
_c
LIB
999
_c
7627
_d
7627